| 000 | 00432nam a22001817a 4500 | ||
|---|---|---|---|
| 003 | SGT | ||
| 020 | _a9789357470711 | ||
| 082 |
_a617.632 _bI23G |
||
| 100 | _aGoyal, Madhur | ||
| 245 | _aImplant Treatment Planning | ||
| 260 |
_aIterative International Publishers _c2023 |
||
| 300 | _a74 | ||
| 650 | _aPeriodontology | ||
| 653 | _aImplant Dentistry | ||
| 700 | _aKapoor, Shalini | ||
| 700 | _aBhardwaj, Amit | ||
| 942 |
_2ddc _cBK |
||
| 999 |
_c23903 _d23903 |
||